[Event "SG PS Regensburg 1-SK Schwandorf 1"]
[Site "?"]
[Date "2024.04.28"]
[Round "9.7"]
[White "Stoeckl, Stephan"]
[Black "Gruber, Roland"]
[Result "1/2-1/2"]
[WhiteElo "2028"]
[BlackElo "2093"]
[PlyCount "80"]
[EventDate "2024.??.??"]
[WhiteTeam "SK Schwandorf 1"]
[BlackTeam "SG PS Regensburg 1"]

1. Nf3 b6 2. g3 Bb7 3. Bg2 e6 4. c4 g6 5. O-O Bg7 6. d3 Ne7 7. Nc3 O-O 8. Bg5 h6 9. Bd2 Qc8 10. Rb1 d6 11. b4 Nd7 12. a4 Rb8 13. Qc1 Kh7 14. Qa3 Nc6 15. Be3 Nde5 16. c5 Nxf3+ 17. Bxf3 dxc5 18. bxc5 Nd4 19. Bxd4 Bxd4 20. c6 Ba6 21. Nb5 Bf6 22. Nxa7 Qd8 23. Nb5 Ra8 24. e3 Be7 25. Qc3 Bxb5 26. axb5 Ra3 27. Rb3 Ra2 28. Ra1 Rxa1+ 29. Qxa1 Bf6 30. d4 Qd6 31. Qa3 Be7 32. Qxd6 Bxd6 33. e4 Ra8 34. Kg2 Ra4 35. d5 exd5 36. exd5 Ra3 37. Rb2 Rd3 38. h4 Kg7 39. Rc2 Kf6 40. Rb2 Bc5 1/2-1/2

[Event "SG PS Regensburg 1-SK Schwandorf 1"]
[Site "?"]
[Date "2024.04.28"]
[Round "9.8"]
[White "Depner, Daniel"]
[Black "Paar, Johannes"]
[Result "1-0"]
[WhiteElo "1984"]
[BlackElo "1947"]
[PlyCount "79"]
[EventDate "2024.??.??"]
[WhiteTeam "SG PS Regensburg 1"]
[BlackTeam "SK Schwandorf 1"]

1. e4 c5 2. Nf3 e6 3. d4 cxd4 4. Nxd4 Nc6 5. Nc3 Qc7 6. Be2 a6 7. O-O Nf6 8. a3 Be7 9. Be3 d6 10. f4 O-O 11. Nxc6 bxc6 12. Kh1 Rb8 13. b3 Nd7 14. Qd2 d5 15. f5 Bf6 16. Bg5 Bxg5 17. Qxg5 Qe5 18. Qd2 d4 19. Na4 Nf6 20. fxe6 Bxe6 21. Qf4 Qxe4 22. Qxe4 Nxe4 23. Bxa6 Rfd8 24. Rae1 Nf6 25. Nc5 Bd5 26. a4 Ng4 27. Bd3 Re8 28. Kg1 Ne3 29. Rf2 Re7 30. g3 g6 31. Rf4 Kg7 32. Rxd4 Nxc2 33. Rxe7 Nxd4 34. Bc4 Nxb3 35. Bxd5 cxd5 36. Rb7 Rc8 37. Nxb3 Rc4 38. a5 Ra4 39. Kf2 d4 40. Ke2 1-0

[Event "TSV Trostberg 1-SC 1868 Bamberg 1"]
[Site "?"]
[Date "2024.04.28"]
[Round "9.1"]
[White "Kolb, Tobias"]
[Black "Weiss, Christian"]
[Result "1/2-1/2"]
[WhiteElo "2329"]
[BlackElo "2343"]
[PlyCount "78"]
[EventDate "2024.??.??"]
[WhiteTeam "SC 1868 Bamberg 1"]
[BlackTeam "TSV Trostberg 1"]

1. d4 Nf6 2. c4 e6 3. Nc3 Bb4 4. e3 O-O 5. Bd2 b6 6. Nf3 Bb7 7. Bd3 d5 8. cxd5 exd5 9. Ne5 c5 10. a3 Bxc3 11. Bxc3 c4 12. Bc2 Nc6 13. O-O b5 14. b3 cxb3 15. Bxb3 Ne4 16. Nxc6 Bxc6 17. Bb4 Re8 18. Rc1 Qd7 19. f3 Nf6 20. Qd2 Rac8 21. Rc3 Bb7 22. Rfc1 h5 23. Qf2 Rxc3 24. Rxc3 Rc8 25. Rc5 Rxc5 26. Bxc5 a5 27. Qg3 Qf5 28. Qb8+ Kh7 29. Qxb7 Qb1+ 30. Kf2 Qb2+ 31. Kf1 Qxb3 32. Qxf7 Qd3+ 33. Kf2 Qd2+ 34. Kf1 Qxe3 35. Be7 Qd3+ 36. Ke1 Qc3+ 37. Kf1 Qd3+ 38. Ke1 Qe3+ 39. Kf1 Qd3+ 1/2-1/2

[Event "TSV Trostberg 1-SC 1868 Bamberg 1"]
[Site "?"]
[Date "2024.04.28"]
[Round "9.2"]
[White "Hinterreiter, Markus"]
[Black "Burdalev, Kirill"]
[Result "1/2-1/2"]
[WhiteElo "2298"]
[BlackElo "2386"]
[PlyCount "97"]
[EventDate "2024.??.??"]
[WhiteTeam "TSV Trostberg 1"]
[BlackTeam "SC 1868 Bamberg 1"]

1. c4 e6 2. g3 d5 3. Bg2 d4 4. Nf3 Nc6 5. O-O Bc5 6. d3 Nf6 7. Nbd2 a5 8. Nb3 Ba7 9. a4 Qd6 10. Bd2 Bb6 11. Rc1 Nd7 12. Ng5 Qe7 13. f4 O-O 14. Ne4 f5 15. Ng5 Nc5 16. Nxc5 Bxc5 17. Re1 h6 18. Nf3 e5 19. fxe5 Nxe5 20. Nxe5 Qxe5 21. Bf4 Qe7 22. e4 dxe3 23. d4 Bd6 24. Bxe3 Bb4 25. Re2 Re8 26. Bf3 Qd8 27. Qd3 c6 28. d5 cxd5 29. cxd5 Ra6 30. Bf4 Rxe2 31. Qxe2 Bd6 32. Bxd6 Rxd6 33. Qe3 Bd7 34. b3 Be8 35. Qc5 Bf7 36. Qc8 Qxc8 37. Rxc8+ Kh7 38. Rc5 b6 39. Rc6 Rd8 40. Rxb6 Bxd5 41. Bxd5 Rxd5 42. Rb5 Rd1+ 43. Kg2 Rd2+ 44. Kf3 Rxh2 45. Rxa5 Kg6 46. Ra7 Kf6 47. b4 Rb2 48. b5 h5 49. Ra6+ 1/2-1/2

[Event "TSV Trostberg 1-SC 1868 Bamberg 1"]
[Site "?"]
[Date "2024.04.28"]
[Round "9.3"]
[White "Pribyl, Josef"]
[Black "Knoll, Hermann"]
[Result "1-0"]
[WhiteElo "2206"]
[BlackElo "2206"]
[PlyCount "77"]
[EventDate "2024.??.??"]
[WhiteTeam "SC 1868 Bamberg 1"]
[BlackTeam "TSV Trostberg 1"]

1. c4 Nf6 2. Nc3 e5 3. g3 h6 4. Bg2 Bb4 5. Nf3 Nc6 6. O-O O-O 7. Nd5 a5 8. d3 Re8 9. Nxb4 axb4 10. e4 d6 11. h3 Nh7 12. Be3 f5 13. exf5 Bxf5 14. d4 Nf6 15. d5 Na5 16. b3 Ne4 17. Re1 Nc3 18. Qd2 Qf6 19. Kh2 c5 20. dxc6 bxc6 21. Bb6 Be4 22. Ng1 Bxg2 23. Kxg2 d5 24. cxd5 Nxd5 25. Bc5 e4 26. Rac1 Rad8 27. Qc2 Qg6 28. Kh2 Re6 29. Rcd1 Rde8 30. Rd4 Nb7 31. Bxb4 Qf6 32. Rc4 e3 33. f3 e2 34. Bd2 Nd6 35. Rxc6 Qd4 36. Kg2 Nf5 37. Rxe6 Nh4+ 38. gxh4 Rxe6 39. Rxe2 1-0

[Event "TSV Trostberg 1-SC 1868 Bamberg 1"]
[Site "?"]
[Date "2024.04.28"]
[Round "9.4"]
[White "Mostbauer, Florian"]
[Black "Hofmann, Lorenz"]
[Result "1-0"]
[WhiteElo "2318"]
[BlackElo "2138"]
[PlyCount "83"]
[EventDate "2024.??.??"]
[WhiteTeam "TSV Trostberg 1"]
[BlackTeam "SC 1868 Bamberg 1"]

1. e4 c6 2. c4 d5 3. exd5 cxd5 4. cxd5 Nf6 5. Nc3 Nxd5 6. Nf3 e6 7. d4 a6 8. Bc4 Nxc3 9. bxc3 b5 10. Bd3 Bb7 11. a4 b4 12. c4 Be7 13. Bb2 Bf6 14. O-O O-O 15. Re1 Nc6 16. Rb1 a5 17. Be4 Rc8 18. Qd3 h6 19. d5 exd5 20. cxd5 Nb8 21. Ne5 Bxe5 22. Bxe5 Nd7 23. Bb2 Nc5 24. Qd4 Qf6 25. Bf5 Rce8 26. Qxf6 gxf6 27. Bxf6 Rxe1+ 28. Rxe1 Bc8 29. Bb1 Nd7 30. Bd4 Rd8 31. h3 Ba6 32. Ba2 Bd3 33. Bb3 Kf8 34. Rd1 Bg6 35. Rc1 Ke7 36. f3 Ra8 37. Kf2 f6 38. Rc6 Bf7 39. f4 h5 40. g3 f5 41. Rh6 Rg8 42. Ra6 1-0

[Event "TSV Trostberg 1-SC 1868 Bamberg 1"]
[Site "?"]
[Date "2024.04.28"]
[Round "9.5"]
[White "Mittag, Ralf"]
[Black "Kobl, Rudolf"]
[Result "1/2-1/2"]
[WhiteElo "2113"]
[BlackElo "2084"]
[PlyCount "100"]
[EventDate "2024.??.??"]
[WhiteTeam "SC 1868 Bamberg 1"]
[BlackTeam "TSV Trostberg 1"]

1. Nf3 Nf6 2. g3 e6 3. Bg2 d5 4. d3 c5 5. Nbd2 Nc6 6. e4 Be7 7. O-O h6 8. Re1 Qc7 9. c3 b5 10. a4 b4 11. Nb3 O-O 12. Be3 bxc3 13. bxc3 c4 14. dxc4 dxe4 15. Nfd2 Rd8 16. Qc2 Rb8 17. Nxe4 Ne5 18. Nxf6+ Bxf6 19. Bf4 g5 20. Bxe5 Bxe5 21. c5 Ba6 22. Nd4 Bxd4 23. cxd4 Rxd4 24. c6 Rbd8 25. Qc3 e5 26. Qe3 f6 27. Rec1 Bc8 28. Qf3 Kg7 29. Qe3 Ba6 30. h3 R8d6 31. Kh2 Rd2 32. Be4 Re2 33. Qf3 Rdd2 34. Rf1 Qb6 35. Kg1 Qd4 36. Rae1 Qxe4 37. Qxe4 Rxe4 38. Rxe4 Bxf1 39. Kxf1 Rc2 40. Rb4 Rxc6 41. Rb7+ Kg6 42. Rxa7 Kf5 43. a5 Ke4 44. Kg2 h5 45. Rb7 Rc4 46. a6 Ra4 47. a7 Kf5 48. Kf3 Ra3+ 49. Ke2 g4 50. h4 Ke4 1/2-1/2

[Event "TSV Trostberg 1-SC 1868 Bamberg 1"]
[Site "?"]
[Date "2024.04.28"]
[Round "9.6"]
[White "Huch, Reiner"]
[Black "Wichmann, Adrian"]
[Result "1/2-1/2"]
[WhiteElo "2206"]
[BlackElo "2084"]
[PlyCount "48"]
[EventDate "2024.??.??"]
[WhiteTeam "TSV Trostberg 1"]
[BlackTeam "SC 1868 Bamberg 1"]

1. d4 Nf6 2. Bg5 g6 3. Bxf6 exf6 4. c4 f5 5. e3 d5 6. Nc3 dxc4 7. Bxc4 Bg7 8. Rc1 O-O 9. Nf3 Nd7 10. b4 Nb6 11. Bb3 Qe7 12. b5 Be6 13. O-O Rfd8 14. Qc2 Rac8 15. Bxe6 Qxe6 16. Na4 Nxa4 17. Qxa4 Qb6 18. Qb3 Qe6 19. Qxe6 fxe6 20. Rc4 Rd5 21. a4 e5 22. dxe5 Bxe5 23. Nxe5 Rxe5 24. Rfc1 Re7 1/2-1/2

[Event "TSV Trostberg 1-SC 1868 Bamberg 1"]
[Site "?"]
[Date "2024.04.28"]
[Round "9.8"]
[White "Hofstadler, Mario"]
[Black "Wolf, Pablo"]
[Result "1/2-1/2"]
[WhiteElo "2107"]
[BlackElo "1949"]
[PlyCount "39"]
[EventDate "2024.??.??"]
[WhiteTeam "TSV Trostberg 1"]
[BlackTeam "SC 1868 Bamberg 1"]

1. d4 d5 2. c4 e6 3. Nf3 Nf6 4. g3 Be7 5. Bg2 O-O 6. O-O c6 7. Nc3 b6 8. Re1 Bb7 9. cxd5 cxd5 10. Bf4 Nc6 11. Rc1 Rc8 12. Ne5 Nh5 13. Nxc6 Bxc6 14. Bd2 Nf6 15. Qb3 Qd7 16. a4 Ne4 17. Bxe4 dxe4 18. Be3 Rfd8 19. Red1 Qb7 20. Qa2 1/2-1/2

[Event "SK Weilheim 1-SC Groebenzell 1"]
[Site "?"]
[Date "2024.04.28"]
[Round "9.2"]
[White "Guttenthaler, Franz"]
[Black "Kempter, Ronald"]
[Result "1/2-1/2"]
[WhiteElo "2300"]
[BlackElo "2167"]
[PlyCount "121"]
[EventDate "2024.??.??"]
[WhiteTeam "SK Weilheim 1"]
[BlackTeam "SC Gröbenzell 1"]

1. d4 Nf6 2. c4 c5 3. d5 b5 4. cxb5 a6 5. bxa6 g6 6. Nc3 Bxa6 7. g3 d6 8. Bg2 Bg7 9. Nf3 O-O 10. O-O Nbd7 11. Rb1 Qa5 12. Qc2 Rfb8 13. Rd1 Ne8 14. Bd2 Nc7 15. a4 Qb6 16. b3 Nf6 17. Be1 Bc8 18. Nd2 Ba6 19. Nc4 Qa7 20. Na5 Bd3 21. exd3 Qxa5 22. Nb5 Qb6 23. Nxc7 Qxc7 24. d4 Nd7 25. Bh3 Rd8 26. b4 Nb6 27. Bg2 Nxa4 28. dxc5 Ra7 29. c6 Rda8 30. b5 Nb6 31. Bc3 Ra2 32. Qc1 R8a4 33. Bxg7 Kxg7 34. Qc3+ f6 35. Ra1 Nc8 36. Rxa2 Rxa2 37. Ra1 Qa7 38. Rxa2 Qxa2 39. Qd3 Nb6 40. Be4 Qa1+ 41. Kg2 Qb2 42. Bf3 Kf8 43. h4 Kf7 44. h5 Qb4 45. hxg6+ hxg6 46. Qe2 Qc5 47. Qe6+ Kf8 48. g4 Qxb5 49. g5 Qb2 50. c7 Qc3 51. gxf6 Qxc7 52. Bg4 Na4 53. f7 Qc2 54. Kg3 Qd3+ 55. f3 Nc5 56. Qc8+ Kxf7 57. Be6+ Nxe6 58. Qxe6+ Kf8 59. Qc8+ Kf7 60. Qe6+ Kf8 61. Qc8+ 1/2-1/2

[Event "SK Weilheim 1-SC Groebenzell 1"]
[Site "?"]
[Date "2024.04.28"]
[Round "9.3"]
[White "Pieper, Thomas"]
[Black "Deglmann, Ludwig"]
[Result "1-0"]
[WhiteElo "2156"]
[BlackElo "2208"]
[PlyCount "65"]
[EventDate "2024.??.??"]
[WhiteTeam "SC Gröbenzell 1"]
[BlackTeam "SK Weilheim 1"]

1. e4 d6 2. d4 Nf6 3. Nc3 e5 4. Nf3 Nbd7 5. Bc4 Be7 6. a4 O-O 7. O-O c6 8. Ba2 Qc7 9. Re1 b6 10. h3 a6 11. Be3 Rb8 12. Nh4 Re8 13. Nf5 Bf8 14. Qf3 exd4 15. Bxd4 Ne5 16. Qg3 Bxf5 17. exf5 Ned7 18. b4 Qb7 19. Qf3 b5 20. axb5 axb5 21. g4 h6 22. h4 c5 23. Qxb7 Rxe1+ 24. Rxe1 Rxb7 25. bxc5 dxc5 26. Bxf6 gxf6 27. Bd5 Rb6 28. Ne4 Kg7 29. Ra1 Rb8 30. Ra7 Rd8 31. f4 Ne5 32. fxe5 Rxd5 33. e6 1-0

[Event "SK Weilheim 1-SC Groebenzell 1"]
[Site "?"]
[Date "2024.04.28"]
[Round "9.4"]
[White "Lochte, Thomas"]
[Black "Zentgraf, Alexander"]
[Result "0-1"]
[WhiteElo "1964"]
[BlackElo "2106"]
[PlyCount "24"]
[EventDate "2024.??.??"]
[WhiteTeam "SK Weilheim 1"]
[BlackTeam "SC Gröbenzell 1"]

1. e4 c6 2. d4 d5 3. Nc3 dxe4 4. Nxe4 Nf6 5. Nxf6+ exf6 6. Bc4 Bd6 7. Qh5 O-O 8. Nf3 Nd7 9. h4 Nb6 10. Ng5 fxg5 11. hxg5 Bf5 12. g6 Bxg6 0-1

[Event "SK Weilheim 1-SC Groebenzell 1"]
[Site "?"]
[Date "2024.04.28"]
[Round "9.5"]
[White "Golder, Waldemar"]
[Black "Muhl, Christian"]
[Result "1/2-1/2"]
[WhiteElo "2029"]
[BlackElo "1891"]
[PlyCount "83"]
[EventDate "2024.??.??"]
[WhiteTeam "SC Gröbenzell 1"]
[BlackTeam "SK Weilheim 1"]

1. Nf3 d5 2. e3 Nf6 3. c4 e6 4. Nc3 Be7 5. d4 O-O 6. Bd3 b6 7. O-O c5 8. cxd5 exd5 9. b3 Nc6 10. dxc5 bxc5 11. Bb2 Bg4 12. h3 Bh5 13. Ne2 Bxf3 14. gxf3 d4 15. exd4 Qd5 16. Be4 Nxe4 17. fxe4 Qxe4 18. Ng3 Qh4 19. dxc5 Bxc5 20. Qg4 Qxg4 21. hxg4 Bd4 22. Bxd4 Nxd4 23. Kg2 Rfd8 24. Rac1 Ne6 25. Rc4 Rd2 26. Ra4 g5 27. Re1 Nf4+ 28. Kf3 Ng6 29. Nf5 Rd3+ 30. Re3 Rd7 31. Rd4 Nh4+ 32. Ke2 Nxf5 33. Rxd7 Nxe3 34. Kxe3 a5 35. Rd5 h6 36. a4 Ra6 37. f4 gxf4+ 38. Kxf4 Kg7 39. Rb5 Kg6 40. Ke4 Re6+ 41. Kf4 Rf6+ 42. Ke4 1/2-1/2

[Event "SK Weilheim 1-SC Groebenzell 1"]
[Site "?"]
[Date "2024.04.28"]
[Round "9.6"]
[White "Sindermann, Peter"]
[Black "Foessmeier, Ulrich Johann"]
[Result "0-1"]
[WhiteElo "1836"]
[BlackElo "2162"]
[PlyCount "106"]
[EventDate "2024.??.??"]
[WhiteTeam "SK Weilheim 1"]
[BlackTeam "SC Gröbenzell 1"]

1. c4 c5 2. Nc3 Nf6 3. Nf3 d5 4. cxd5 Nxd5 5. e3 g6 6. d4 Bg7 7. Bc4 Nxc3 8. bxc3 O-O 9. O-O Qc7 10. Be2 Nc6 11. Ba3 Qa5 12. Bxc5 b6 13. Bb4 Nxb4 14. cxb4 Qxb4 15. a3 Qa5 16. Qb3 Ba6 17. Bxa6 Qxa6 18. Rfd1 Rac8 19. Rac1 Bf6 20. h3 e6 21. a4 Rxc1 22. Rxc1 Rc8 23. Rxc8+ Qxc8 24. g3 Qc6 25. Kg2 a6 26. g4 Bd8 27. Kg3 Bc7+ 28. Kg2 b5 29. axb5 axb5 30. e4 Bb6 31. d5 exd5 32. Qxd5 Qxd5 33. exd5 Kf8 34. Nd2 Ke7 35. Kf3 Kd6 36. Ke4 Bxf2 37. Nb3 Bh4 38. Na5 Kc5 39. Nb7+ Kc4 40. Nd6+ Kc5 41. Nxf7 b4 42. d6 b3 43. Kd3 Kb4 44. d7 Be7 45. d8=Q Bxd8 46. Nxd8 Ka3 47. Nc6 b2 48. Kc2 Ka2 49. Nb4+ Ka1 50. Kc3 b1=Q 51. Nc2+ Ka2 52. Nb4+ Ka3 53. Nc2+ Ka4 0-1